Kabus semalam

Bibliographic Details
Main Author: Rahman Tahir
Format: Book
Published: Shah Alam : Marwilis , 1988
Subjects:

MARC

LEADER 00000cam a2200000 7i4500
001 0000007885
002 000008459
005 20000330.0
020 |a 9838310212 
090 0 0 |a F   |b RAH 
100 0 |a Rahman Tahir 
245 1 0 |a Kabus semalam   |c Rahman Tahir 
260 |a Shah Alam :   |b Marwilis ,   |c 1988 
300 |a 128p. :   |b ill. ;   |c 18cm. 
650 0 0 |a General fiction, Malay 
999 |a 014652   |b BUKU   |c PINJAMAN   |e PERPUSTAKAAN KOMUNITI PETALING JAYA